000 01283nam a22003617a 4500
003 CHAP
005 20220329133813.0
008 971013s1985 r 00010 d
010 _a11138
011 _a12110
035 _a14180
040 _cCHAP
090 _aFolleto 10085
100 0 0 _aAguilar Garcia, Ramon.
_92713
245 1 _aFertilización del maíz en la zona central de Tamaulipas
260 _aAbasolo, Tamps. :
_bINIA. Campo Agrícola Experimental Las Adjuntas,
_c1985
300 _a17 p.
490 _aINIA. México. CIAGON. Folleto técnico
_v; 7
590 _aBATCH-UPD
_b10
_c20130110
_lUCH01
_h0305
590 _aBATCH-UPD
_b10
_c20130110
_lUCH01
_h1211
590 _aBATCH-UPD
_b10
_c20130409
_lUCH01
_h2336
590 _aBATCH-UPD
_b10
_c20130410
_lUCH01
_h1513
590 _aBATCH-UPD
_b10
_c20130914
_lUCH01
_h1405
590 _aCONVERSION
_b10
_c20130109
_lUCH01
_h1307
650 1 4 _aFertilizantes para maíz.
_940625
650 1 4 _aMaíz
_xTamaulipas.
_971067
830 0 _aINIA. México. CIAGON. Folleto técnico
_v; 7
_958567
901 _aBK
942 _cFOLL
949 _aFolleto 10085
_bBC
_cFOLL
_d-134561
_eTS1
_i14180
_si
949 _aFolleto 10085
_bBC
_cFOLL
_d-134562
_eTS2
_fc.2
_i14180
_si
949 _aFolleto 10085
_bBC
_cFOLL
_d-134563
_eTS2
_fc.3
_i14180
_si
999 _c11138
_d11138